000 00269nam a2200109Ia 4500
008 190216s9999||||xx |||||||||||||| ||und||
100 _aFinney H A Miller E
245 0 _aPrinciples Of Accountancy
260 _bPentice Hall Of India
650 _aAccountancy
942 _cBK
999 _c3821
_d3821